|
|
|
|
| LEADER |
00000nam0a2200000 4500 |
| 001 |
15460 |
| 005 |
20231101205022.0 |
| 010 |
|
|
|a 5250004962
|
| 035 |
|
|
|a (RuTPU)RU\TPU\book\15568
|
| 035 |
|
|
|a BOOK00000256
|
| 090 |
|
|
|a 15460
|
| 100 |
|
|
|a 20011209d1989 km y0rusy50 ca
|
| 101 |
0 |
|
|a rus
|
| 102 |
|
|
|a RU
|
| 105 |
|
|
|a y z 000zy
|
| 200 |
1 |
|
|a Социальные резервы труда
|e Актуальные вопросы социологии труда
|f Ж. Т. Тощенко
|
| 210 |
|
|
|a Москва
|c Политиздат
|d 1989
|
| 215 |
|
|
|a 287 с.
|
| 606 |
1 |
|
|a Социология труда
|2 stltpush
|3 (RuTPU)RU\TPU\subj\37947
|9 58700
|
| 610 |
1 |
|
|a социология
|
| 610 |
1 |
|
|a труд
|
| 610 |
1 |
|
|a трудовой коллектив
|
| 610 |
1 |
|
|a производство
|
| 610 |
1 |
|
|a человеческий фактор
|
| 686 |
|
|
|a С55.44
|v LBC/SL-A
|2 rubbk
|
| 700 |
|
1 |
|a Тощенко
|b Ж. Т.
|g Жан Терентьевич
|
| 801 |
|
0 |
|a RU
|b 63413507
|c 20011209
|g PSBO
|
| 801 |
|
2 |
|a RU
|b 63413507
|c 20220408
|g PSBO
|
| 942 |
|
|
|c BK
|